000 01901nam a2200313 a 4500
001 000028094
003 DO-SdBNP
005 20250625134028.0
008 110406s1974 dr 000 | spa d
040 _aDO-SdBNP
_bspa
_cBNPHU
082 4 _aF-RD 102
100 1 _aAlfonseca, José D.
_955106
245 1 _a¿Qué es el patriotismo? ;
_bProcreación consciente como factor de mejoramiento social /
_cJosé D. Alfonseca.
246 1 3 _aProcreación consciente como factor de mejoramiento social
250 _a2ª ed. facsím.
260 _aSanto Domingo :
_bSecretaría de Educación,
_c1974.
300 _a25, 36 p. ;
_c21 cm.
490 0 _aEnriquillo
501 _aPublicado con: Procreación consciente como factor de mejoramiento social /José D. Alfonseca.
533 _aFacsímil : "¿Qué es el patriotismo?"
_bMoca, República Dominicana:
_cImprenta de Rojas & hijo,
_d1916.
_nConferencia pronunciada por el Dr. José D. Alfonseca en la velada patriótica celebrada la noche del 25 de febrero de 1916, por los esposos Nadal, con motivo del Día de la Escuela.
533 _aFacsímil: " Procreación consciente como factor de mejoramiento social"
_bSanto Domingo:
_cImp. J. R. Vda. García.
_d[s.a.]
_nConferencia dictada por el Dr. José D. Alfonseca el día 22 de febrero de 1922 en el Centro de Recreo de Santiago en la velada organizada por el Club de Damas de aquella ciudad, y el 9 de noviembre 1922 en el Club La Esperanza de San Francisco de Macorís.
563 _aDos obras encuadernadas juntas con paginación independiente.
650 4 _aPatriotismo
_xEnsayos, conferencias, etc.
_955107
650 4 _aActitudes políticas
_xEnsayos, conferencias, etc.
_934459
650 4 _aReproducción
_xEnsayos, conferencias, etc.
_955108
730 0 2 _aProcreación consciente como factor de mejoramiento social
_955109
910 _aValidado. Control de calidad EMS
942 _2ddc
_cLBS1
999 _c27586
_d27586